000 00456nam a2200181Ia 4500
001 16690
005 20260306170329.0
008 260306t1987||||xx |||||||||||||| ||und||
041 _aESP
082 _a349.1
_bU61 T. 1
100 _aUniversidad de Navarra
_eAUT
245 0 _aEstudios de derecho romano en honor de Alvaro D ors
260 _c1987
300 _a590 páginas :
_c23 cm.
650 _aGEN
654 _aCDE
942 _cLIB
_dJUS
_fJUS
_2ddc
_n
999 _c16690
_d16690